| 000 | 00470nam a2200181Ia 4500 | ||
|---|---|---|---|
| 005 | 20180706135525.0 | ||
| 008 | 131103s9999 xx 000 0 und d | ||
| 040 | _aLoreto College | ||
| 041 | _aEnglish | ||
| 082 |
_a375 _bLEW |
||
| 100 | _aLewy,Arieh | ||
| 245 | 4 |
_aThe International encyclopedia of curriculum _cArieh Lewy |
|
| 260 |
_aOxford _bPergaman Press _c1991 |
||
| 300 | _a835 p. | ||
| 650 | _aCurriculum - Dictionaries | ||
| 850 | _aLCLIB | ||
| 942 | _cBK | ||
| 999 |
_c10676 _d61155 |
||